000 00910nam a2200265Ia 4500
003 OSt
005 20221005105302.0
006 a|||||r|||| 00| 0
007 ta
008 221004b |||||||| |||| 00| 0 hin d
020 _a8170162068 (hbk)
_c120
024 _a122773
037 _b13338, 23/07/2012, Kitab Ghar
_cTextual
040 _aCRL
_cCRL
_bhin
041 _2hin
_ahin
082 _aW2,N, 152P6
100 _aशर्मा, शंकर दयाल
245 0 _aहमारे पथ प्रदर्शक
246 _aHamāre path pradarshaka
260 _aनई दिल्ली
_bकिताबघर भारत
_c2006
300 _a135पृ0
_ccm.
650 _aराजनीतिक विज्ञान
942 _hW2,N, 152P6
_cTEXL
_2cc
999 _c1015364
_d1015364